000 00327nam a2200145Ia 4500
008 230711s9999||||xx |||||||||||||| ||und||
041 _aENG
082 _a720
_bBA-O
100 _aBassagli,Mario
245 0 _aOriental Architecture
250 _a1st
260 _c1981
_aNew York
_bWendy W
650 _aArchitecture
942 _cBK
999 _c407
_d407